|
|
|
|
| LEADER |
00798cam a2200229 7i4500 |
| 001 |
0000036812 |
| 005 |
20220127090000.0 |
| 007 |
ta |
| 008 |
220110 |
| 020 |
|
|
|a 9781003028932
|
| 040 |
|
|
|a MATR
|
| 090 |
0 |
0 |
|a I 658.4038
|b ADV
|
| 245 |
0 |
0 |
|a Advanced Trends in ICT for Innovative Business Management
|c Edited by Katarzyna Szymczyk, Ibrahiem M. M. El Emary.
|
| 264 |
|
1 |
|a Boca Raton, Florida:
|b CRC Press,
|c 2021.
|
| 300 |
|
|
|a 293 pages:
|b illustrations;
|c 30 cm.
|
| 336 |
|
|
|a text
|2 rdacontent
|
| 337 |
|
|
|a unmediated
|2 rdamedia
|
| 338 |
|
|
|a volume
|2 rdacarrier
|
| 650 |
|
0 |
|a Business --
|x Data processing
|
| 650 |
|
0 |
|a Business enterprises --
|x Technological innovations
|
| 650 |
|
0 |
|a Industrial management --
|x Information technology
|
| 999 |
|
|
|a 0000041614
|b Book
|c Book
|e Business Information Centre
|